| 000 | 00425nam a2200157 a 4500 | ||
|---|---|---|---|
| 001 | 13720 | ||
| 005 | 20180713202129.0 | ||
| 008 | 140415s1990 000 0 spa d | ||
| 041 | _aspa | ||
| 082 |
_a624.171 _bIRV |
||
| 100 | 1 | _aIRVINE, MAX | |
| 245 | 1 | 0 |
_aSTRUCTURAL DYNAMICS : _bFOR THE PRACTISING ENGINEER |
| 260 |
_a[s.l.] : _bUNWIN HYMAN, _c1990 |
||
| 300 | _a208 | ||
| 650 | 1 | 4 | _aDINAMICA DE ESTRUCTURAS |
| 999 |
_c13720 _d13720 |
||